[Event "CAN-op rapid Online"]
[Site "Chess.com"]
[Date "2021.05.16"]
[Round "6"]
[White "Bilski, Simon"]
[Black "McAlpin, John-Francis"]
[Result "0-1"]
[WhiteElo "1216"]
[BlackElo "1451"]
[PlyCount "62"]
[EventDate "2021.05.15"]
[EventType "swiss (rapid)"]
[EventRounds "10"]
[EventCountry "CAN"]

1. d4 d5 2. c4 e6 3. Nc3 Nf6 4. Bg5 Nbd7 5. a3 Be7 6. Nf3 O-O 7. e3 h6 8. Bf4
c6 9. Bd3 dxc4 10. Bxc4 Nh5 11. Be5 b5 12. Ba2 Bb7 13. Qd3 Nxe5 14. Nxe5 Bd6
15. Bb1 Nf6 16. Nf3 Qc7 17. e4 e5 18. dxe5 Bxe5 19. Nxe5 Qxe5 20. Bc2 Rad8 21.
Qe3 c5 22. f4 Qe7 23. O-O b4 24. axb4 cxb4 25. Nb5 a6 26. Nd4 Qc5 27. Nf5 Qxc2
28. Qg3 Nh5 29. Qg4 Bxe4 30. Ne7+ Kh7 31. Rf2 Qc5 0-1

[Event "CAN-op rapid Online"]
[Site "Chess.com"]
[Date "2021.05.16"]
[Round "6"]
[White "Gougeon, Patrick"]
[Black "Turgeon-Dalpe, Alexandre"]
[Result "1/2-1/2"]
[WhiteElo "1285"]
[BlackElo "1236"]
[PlyCount "132"]
[EventDate "2021.05.15"]
[EventType "swiss (rapid)"]
[EventRounds "10"]
[EventCountry "CAN"]

1. f4 d5 2. Nf3 Bg4 3. e3 Nd7 4. h3 Bxf3 5. Qxf3 e5 6. Qxd5 Qh4+ 7. Ke2 c6 8.
Qf3 O-O-O 9. Qg4 Qf6 10. fxe5 Qxe5 11. c3 Ngf6 12. Qf3 Bd6 13. d4 Qe7 14. Kd1
Ne4 15. Bd3 f5 16. Qxf5 Ng3 17. Qf2 Nxh1 18. Qg1 Ng3 19. Nd2 Rhf8 20. Nf3 c5
21. Bd2 Kb8 22. Qe1 g6 23. dxc5 Nxc5 24. Bc2 Ka8 25. b4 Na6 26. b5 Nc7 27. a4
Rf6 28. b6 Nd5 29. bxa7 Bc7 30. Rb1 Nxc3+ 31. Kc1 Nxb1 32. Kxb1 Qf7 33. Bc3
Rb6+ 34. Kc1 Kxa7 35. Bd4 Rxd4 36. exd4 Bf4+ 37. Kd1 Qc4 38. Qa5+ Ra6 39. Qc5+
Qxc5 40. dxc5 Re6 41. Nd4 Re8 42. c6 Rd8 43. cxb7 Rxd4+ 44. Ke1 Kxb7 45. Bd1
Kc6 46. Bc2 Ne4 47. Ke2 Nc3+ 48. Kf3 Nxa4 49. Be4+ Kd6 50. Kxf4 Nc5 51. Ke3
Rxe4+ 52. Kf3 Ke5 53. g3 h6 54. h4 g5 55. hxg5 hxg5 56. Kg2 g4 57. Kf2 Ra4 58.
Kg2 Ra3 59. Kf2 Ne4+ 60. Kg2 Rxg3+ 61. Kh2 Ra3 62. Kg2 g3 63. Kg1 Kf4 64. Kg2
Ra2+ 65. Kg1 Ng5 66. Kf1 Nf3 1/2-1/2

[Event "CAN-op rapid Online"]
[Site "Chess.com"]
[Date "2021.05.16"]
[Round "6"]
[White "Lemay, Nyima"]
[Black "Husek, Paul"]
[Result "0-1"]
[WhiteElo "1100"]
[BlackElo "1252"]
[PlyCount "98"]
[EventDate "2021.05.15"]
[EventType "swiss (rapid)"]
[EventRounds "10"]
[EventCountry "CAN"]

1. d4 d5 2. Nc3 c6 3. Bf4 Nf6 4. Qd2 Bf5 5. O-O-O e6 6. Re1 Bd6 7. e4 dxe4 8.
Nxe4 Nxe4 9. Qe3 Qc7 10. Bxd6 Qxd6 11. f3 Nf6 12. g4 Bg6 13. Bc4 O-O 14. h4 h6
15. h5 Bh7 16. Nh3 Nd5 17. Bxd5 cxd5 18. g5 hxg5 19. Nxg5 Nd7 20. Rhg1 Rfe8 21.
h6 g6 22. Qb3 b6 23. Qe3 e5 24. dxe5 Qxe5 25. Qf2 Qf4+ 26. Kb1 Rxe1+ 27. Qxe1
Nf6 28. Qe7 Rf8 29. Ne6 Re8 30. Qxa7 Rxe6 31. Qa8+ Re8 32. Qc6 Qe5 33. a3 Qe6
34. Qc3 Qe5 35. Qc6 Qe6 36. Qc3 Qe7 37. f4 Qe6 38. Qb4 Qe3 39. Rc1 Qc5 40. Qd2
Qe3 41. Qg2 Qxf4 42. Qg1 Qxh6 43. Qxb6 Qf4 44. Qa6 Kg7 45. Rf1 Qe5 46. Rxf6
Qxf6 47. Qxf6+ Kxf6 48. Ka2 Re2 49. c3 g5 0-1

[Event "CAN-op rapid Online"]
[Site "Chess.com"]
[Date "2021.05.16"]
[Round "6"]
[White "Li, Jack"]
[Black "Neves, Leonardo"]
[Result "1/2-1/2"]
[WhiteElo "1320"]
[BlackElo "1674"]
[PlyCount "97"]
[EventDate "2021.05.15"]
[EventType "swiss (rapid)"]
[EventRounds "10"]
[EventCountry "CAN"]

1. e4 c6 2. d4 d5 3. e5 c5 4. dxc5 e6 5. a3 Bxc5 6. b4 Be7 7. Qg4 g5 8. Nf3 h5
9. Qg3 g4 10. Nd4 f6 11. Bb5+ Kf7 12. f4 Nh6 13. Bb2 Bd7 14. Bxd7 Nxd7 15. Nd2
Qb6 16. N2b3 Rag8 17. Rf1 h4 18. Qd3 f5 19. Ke2 Rc8 20. Rac1 Rhd8 21. Rfd1 Ng8
22. Nxf5 Rc4 23. Nfd4 Kg7 24. Na5 Rcc8 25. Nb5 Nh6 26. Nd6 Rb8 27. Nb3 Rf8 28.
Rf1 Nf5 29. Nxf5+ Rxf5 30. c4 Rd8 31. Nd4 Nc5 32. Nxf5+ exf5 33. Qxf5 Ne4 34.
Qxg4+ Kf8 35. Qf5+ Kg8 36. cxd5 Qb5+ 37. Ke3 Qxd5 38. Qxe4 Qd2+ 39. Kf3 Qxb2
40. Qg6+ Kf8 41. Qh6+ Kg8 42. Qe6+ Kf8 43. Rc7 Rd3+ 44. Kg4 Qe2+ 45. Kf5 Qh5+
46. Ke4 Qe2+ 47. Kf5 Qh5+ 48. Ke4 Qe2+ 49. Kf5 1/2-1/2

[Event "CAN-op rapid Online"]
[Site "Chess.com"]
[Date "2021.05.16"]
[Round "6"]
[White "Mehri, Shikib"]
[Black "Chanot, Frederic"]
[Result "1-0"]
[WhiteElo "1092"]
[BlackElo "1154"]
[PlyCount "68"]
[EventDate "2021.05.15"]
[EventType "swiss (rapid)"]
[EventRounds "10"]
[EventCountry "CAN"]

1. e4 e5 2. Nf3 Nc6 3. d4 d6 4. d5 Nce7 5. Nc3 Bg4 6. Bb5+ c6 7. dxc6 bxc6 8.
Be2 Bxf3 9. Bxf3 g6 10. Be3 Bg7 11. Qd2 Nf6 12. O-O-O h6 13. Kb1 O-O 14. Bxh6
Rb8 15. Bxg7 Kxg7 16. h4 Rh8 17. g4 Neg8 18. g5 Nh5 19. Bxh5 Rxh5 20. f4 exf4
21. Qxf4 Qb6 22. b3 Qb4 23. Kb2 c5 24. Qxd6 Rb6 25. Qe5+ Kh7 26. Nd5 Re6 27.
Qxe6 fxe6 28. Nxb4 Ne7 29. Nd3 Nc6 30. Nxc5 a5 31. Nxe6 Nb4 32. Rd7+ Kh8 33.
Rd8+ Kh7 34. Rf1 Rxh4 1-0

[Event "CAN-op rapid Online"]
[Site "Chess.com"]
[Date "2021.05.16"]
[Round "6"]
[White "Suresh, Pavan"]
[Black "Nemani Dhruv, Sai Venkat"]
[Result "1-0"]
[WhiteElo "1122"]
[BlackElo "1231"]
[PlyCount "105"]
[EventDate "2021.05.15"]
[EventType "swiss (rapid)"]
[EventRounds "10"]
[EventCountry "CAN"]

1. e4 e6 2. d4 d5 3. exd5 exd5 4. Nf3 Nf6 5. Nc3 Be6 6. Be2 Nc6 7. Be3 Bd6 8.
Qd2 O-O 9. O-O Bb4 10. a3 Bxc3 11. Qxc3 Ne4 12. Qd3 Bf5 13. Qb3 Na5 14. Qb4 b6
15. Nd2 Nxd2 16. Qxd2 c6 17. b4 Nb7 18. Bg5 f6 19. Bf4 Rc8 20. Ba6 Qd7 21. Bd3
Bxd3 22. Qxd3 c5 23. dxc5 bxc5 24. Rfd1 Rfd8 25. Qf3 cxb4 26. axb4 Rxc2 27.
Rxa7 Qc6 28. h3 Rc3 29. Rd3 Rxd3 30. Qxd3 Qb6 31. Ra4 d4 32. Qc4+ Kf8 33. Bc7
Rc8 34. Ra8 Qxc7 35. Rxc8+ Qxc8 36. Qxc8+ Ke7 37. Qxb7+ Ke6 38. Qf3 Ke5 39. b5
Kd6 40. b6 Kd7 41. b7 Kc7 42. Qb3 Kb8 43. Kf1 d3 44. Ke1 g5 45. Kd2 h6 46. Kxd3
h5 47. Kd4 f5 48. Kc5 g4 49. Kc6 g3 50. Qb6 gxf2 51. Qc7+ Ka7 52. b8=Q+ Ka6 53.
Qcb6# 1-0

[Event "CAN-op rapid Online"]
[Site "Chess.com"]
[Date "2021.05.16"]
[Round "6"]
[White "Turcotte, Jonathan"]
[Black "Stojanovski, Sandi"]
[Result "0-1"]
[WhiteElo "1954"]
[BlackElo "2247"]
[PlyCount "94"]
[EventDate "2021.05.15"]
[EventType "swiss (rapid)"]
[EventRounds "10"]
[EventCountry "CAN"]

1. d4 d5 2. c4 e6 3. Nf3 Nf6 4. Nc3 Bb4 5. cxd5 exd5 6. Bg5 Qd6 7. Bxf6 Qxf6 8.
Qb3 Bxc3+ 9. bxc3 c6 10. e3 O-O 11. c4 c5 12. cxd5 cxd4 13. Nxd4 Qg6 14. g3 Qe4
15. f3 Qe5 16. Kf2 Nd7 17. f4 Qe7 18. Bg2 Nf6 19. Rhe1 h5 20. Rac1 h4 21. e4
hxg3+ 22. hxg3 Ng4+ 23. Kg1 Qf6 24. e5 Qh6 25. Nf3 Bf5 26. Rc7 Rac8 27. Rec1
Rxc7 28. Rxc7 Be4 29. d6 Bc6 30. Qd3 Qh5 31. d7 Bxf3 32. Qxf3 Qf5 33. Qe4 Qe6
34. Qd4 Rd8 35. Bh3 f5 36. Bg2 Qh6 37. Rc8 Qh2+ 38. Kf1 Qxg3 39. Rxd8+ Kh7 40.
Rh8+ Kxh8 41. d8=Q+ Kh7 42. Qg1 Qxf4+ 43. Ke2 Qxe5+ 44. Kd1 Qa1+ 45. Kc2 Qxg1
46. Qh4+ Kg6 47. Bf3 Qf2+ 0-1

[Event "CAN-op rapid Online"]
[Site "Chess.com"]
[Date "2021.05.16"]
[Round "7"]
[White "Chelkowski, Jan"]
[Black "Lemay, Nyima"]
[Result "1-0"]
[WhiteElo "1202"]
[BlackElo "1100"]
[PlyCount "49"]
[EventDate "2021.05.15"]
[EventType "swiss (rapid)"]
[EventRounds "10"]
[EventCountry "CAN"]

1. e4 d5 2. Nc3 d4 3. Nb1 Nc6 4. Bc4 e5 5. Qf3 Nf6 6. Nh3 Bc5 7. Ng5 Bg4 8. Qb3
O-O 9. Nxf7 Qe7 10. Nxe5+ Be6 11. Bxe6+ Kh8 12. Nf7+ Kg8 13. Ne5+ Kh8 14. Nxc6
bxc6 15. d3 Ne8 16. O-O Bd6 17. f4 g5 18. f5 Qg7 19. Rf2 Qh6 20. g3 Ng7 21. Rg2
Nxe6 22. Qxe6 Qxe6 23. fxe6 c5 24. Na3 g4 25. Bd2 1-0

[Event "CAN-op rapid Online"]
[Site "Chess.com"]
[Date "2021.05.16"]
[Round "7"]
[White "Dahal, Raj"]
[Black "Mendes, Aaron Reeve"]
[Result "0-1"]
[WhiteElo "1818"]
[BlackElo "1773"]
[PlyCount "49"]
[EventDate "2021.05.15"]
[EventType "swiss (rapid)"]
[EventRounds "10"]
[EventCountry "CAN"]

1. e4 e5 2. Nf3 Nc6 3. Be2 Nf6 4. d3 h6 5. Nc3 Bc5 6. Be3 Bb6 7. Qd2 d5 8. exd5
Nxd5 9. Ne4 Be6 10. a3 f5 11. Nc5 f4 12. Nxe6 fxe3 13. fxe3 Qe7 14. c4 Bxe3 15.
Qc2 Nf6 16. d4 e4 17. d5 exf3 18. Qg6+ Kd7 19. dxc6+ Kxe6 20. Bxf3 bxc6 21. Rd1
Qf7 22. Bg4+ Ke7 23. Qf5 Rhd8 24. Ke2 Nxg4 25. Qxg4 0-1

[Event "CAN-op rapid Online"]
[Site "Chess.com"]
[Date "2021.05.16"]
[Round "7"]
[White "Hemphrey, David"]
[Black "Li, Jack"]
[Result "1/2-1/2"]
[WhiteElo "1331"]
[BlackElo "1320"]
[PlyCount "135"]
[EventDate "2021.05.15"]
[EventType "swiss (rapid)"]
[EventRounds "10"]
[EventCountry "CAN"]

1. d4 Nf6 2. c4 g6 3. Nc3 Bg7 4. e4 d6 5. f3 O-O 6. Be3 e5 7. d5 a5 8. Nge2
Nbd7 9. Qd2 Nc5 10. g4 Bxg4 11. fxg4 Nfxe4 12. Nxe4 Nxe4 13. Qd3 Qh4+ 14. Kd1
f5 15. Bg2 Nf2+ 16. Bxf2 Qxf2 17. Qf3 Qc5 18. Rc1 e4 19. Qb3 a4 20. Qc2 Qf2 21.
Ng3 Qd4+ 22. Qd2 Qb6 23. gxf5 e3 24. Qe2 gxf5 25. Bh3 f4 26. Be6+ Kh8 27. Nf5
Bxb2 28. Rb1 a3 29. Rf1 Rxf5 30. Bxf5 Qd4+ 31. Qd3 Qe5 32. Ke2 Rf8 33. Be4 Qh5+
34. Bf3 Qxh2+ 35. Kd1 Rg8 36. Qe2 Qh3 37. Rh1 Qf5 38. Qc2 Qg6 39. Qxg6 Rxg6 40.
Ke2 Kg7 41. Rbg1 Be5 42. Rxg6+ hxg6 43. Be4 g5 44. Rh7+ Kf6 45. Rxc7 g4 46.
Rxb7 Bd4 47. Rb3 Bc5 48. Rb8 f3+ 49. Bxf3 gxf3+ 50. Kxf3 Ke5 51. Re8+ Kd4 52.
Re4+ Kd3 53. Rf4 Kc2 54. Rf8 Kb2 55. Rc8 Kxa2 56. Rxc5 dxc5 57. d6 Kb3 58. d7
a2 59. d8=Q a1=Q 60. Qb6+ Kxc4 61. Qe6+ Kb5 62. Qe8+ Kb4 63. Qb8+ Ka3 64. Qa7+
Kb2 65. Qb6+ Kc2 66. Qxc5+ Qc3 67. Qxc3+ Kxc3 68. Kxe3 1/2-1/2

[Event "CAN-op rapid Online"]
[Site "Chess.com"]
[Date "2021.05.16"]
[Round "7"]
[White "Heran-Boily, Samuel"]
[Black "Mitrabha, Guha"]
[Result "0-1"]
[WhiteElo "1770"]
[BlackElo "2245"]
[PlyCount "66"]
[EventDate "2021.05.15"]
[EventType "swiss (rapid)"]
[EventRounds "10"]
[EventCountry "CAN"]

1. e4 e6 2. d4 d5 3. Nd2 a6 4. Ngf3 c5 5. dxc5 Bxc5 6. Bd3 Nc6 7. O-O Nf6 8.
exd5 exd5 9. Re1+ Be7 10. Nf1 O-O 11. c3 Bg4 12. h3 Bh5 13. Ng3 Bg6 14. Nh4 Bc5
15. Be3 Bxe3 16. fxe3 Re8 17. Nxg6 hxg6 18. Kh1 Qc7 19. Nf1 Ne5 20. Re2 g5 21.
Bf5 g6 22. Bc2 g4 23. Rf2 Kg7 24. Qd4 Rh8 25. Rxf6 Kxf6 26. Qf4+ Kg7 27. Nd2
gxh3 28. gxh3 Rxh3+ 29. Kg2 Rah8 30. Rd1 Rh2+ 31. Qxh2 Rxh2+ 32. Kxh2 Ng4+ 33.
Kh1 Qh2# 0-1

[Event "CAN-op rapid Online"]
[Site "Chess.com"]
[Date "2021.05.16"]
[Round "7"]
[White "McAlpin, John-Francis"]
[Black "Cliche, Victor"]
[Result "1-0"]
[WhiteElo "1451"]
[BlackElo "1269"]
[PlyCount "159"]
[EventDate "2021.05.15"]
[EventType "swiss (rapid)"]
[EventRounds "10"]
[EventCountry "CAN"]

1. e4 e6 2. d4 d5 3. Nd2 c5 4. c3 Nc6 5. Ngf3 Qb6 6. exd5 exd5 7. Qb3 Nf6 8.
Qxb6 axb6 9. Bd3 Bd6 10. O-O O-O 11. Re1 h6 12. Nf1 Bg4 13. Ne5 Rfe8 14. Bf4
Nd7 15. Nxd7 Bxf4 16. Nxb6 Rxe1 17. Rxe1 Rd8 18. Nxd5 Bd6 19. Nfe3 Be6 20. dxc5
Bxc5 21. c4 Ne5 22. Bf1 Nc6 23. b3 Ra8 24. Re2 Nb4 25. Nxb4 Bxb4 26. Nd5 Bd6
27. Rd2 Rd8 28. g3 Kh7 29. Bd3+ g6 30. Be4 Kg7 31. Rc2 Bc5 32. Kf1 Bh3+ 33. Ke2
Bg4+ 34. f3 Bc8 35. Rd2 Re8 36. Kf1 Bh3+ 37. Rg2 f5 38. Bd3 Ra8 39. a4 Re8 40.
Nc7 Re7 41. Nd5 Re5 42. f4 Re8 43. b4 Bd4 44. c5 Bb2 45. Kf2 Ba3 46. Rg1 Bb2
47. Rb1 Bd4+ 48. Kf3 Bg4+ 49. Kg2 g5 50. h3 Bh5 51. fxg5 hxg5 52. Rf1 f4 53.
gxf4 gxf4 54. Nxf4 Bf7 55. Bb5 Rg8 56. Kf3 Rf8 57. Rd1 Bh5+ 58. Ke4 Bxd1 59.
Ne6+ Kf7 60. Nxf8 Bc3 61. Nd7 Bxb4 62. c6 bxc6 63. Bxc6 Be2 64. Ne5+ Ke6 65.
Bb5 Bh5 66. Bc4+ Kd6 67. Ng4 Kc5 68. Bb5 Bd2 69. Kf5 Kb4 70. Nf6 Bf3 71. h4 Bd1
72. Nd5+ Ka5 73. Nf4 Bxa4 74. Bxa4 Kxa4 75. h5 Bc3 76. h6 Ba1 77. Nh5 Ka5 78.
Ng7 Kb6 79. Kg6 Kc7 80. h7 1-0

[Event "CAN-op rapid Online"]
[Site "Chess.com"]
[Date "2021.05.16"]
[Round "7"]
[White "Neves, Leonardo"]
[Black "Turcotte, Jonathan"]
[Result "0-1"]
[WhiteElo "1674"]
[BlackElo "1954"]
[PlyCount "72"]
[EventDate "2021.05.15"]
[EventType "swiss (rapid)"]
[EventRounds "10"]
[EventCountry "CAN"]

1. d4 d5 2. c4 c6 3. Nc3 Nf6 4. Nf3 e6 5. g3 dxc4 6. Bg2 b5 7. Ne5 a6 8. a4 Bb7
9. O-O Qb6 10. b3 cxb3 11. Bb2 Be7 12. Qxb3 O-O 13. Rac1 Nbd7 14. Nd3 Rab8 15.
e3 Rfc8 16. Ne2 c5 17. dxc5 Nxc5 18. Nxc5 Bxc5 19. Bxb7 Qxb7 20. Bxf6 gxf6 21.
Nf4 Be7 22. Rxc8+ Qxc8 23. Rd1 Qc4 24. Qxc4 bxc4 25. Rd7 Bd8 26. Ne2 Rc8 27.
Rd2 Ba5 28. Rc2 Kf8 29. Kf1 Ke7 30. Nd4 Kd6 31. Ke2 Kd5 32. Rc1 Rb8 33. Nc2 Rb2
34. Kf3 Bd2 35. Ke2 Bxc1 36. Kd1 Rxc2 0-1

[Event "CAN-op rapid Online"]
[Site "Chess.com"]
[Date "2021.05.16"]
[Round "8"]
[White "Alikaj, Noel"]
[Black "Neves, Leonardo"]
[Result "0-1"]
[WhiteElo "1361"]
[BlackElo "1674"]
[PlyCount "72"]
[EventDate "2021.05.15"]
[EventType "swiss (rapid)"]
[EventRounds "10"]
[EventCountry "CAN"]

1. e4 c6 2. Nf3 d5 3. Nc3 Nf6 4. e5 Ne4 5. d4 Bg4 6. h3 Bh5 7. Be2 Nxc3 8. bxc3
e6 9. Ng5 Bg6 10. Bd3 Be7 11. Nf3 Nd7 12. Bxg6 hxg6 13. Be3 Qa5 14. Qd2 Rc8 15.
Bg5 Ba3 16. Rb1 b5 17. Rb3 Bf8 18. Rb2 Nb6 19. Qd3 Nc4 20. Rb3 Qxa2 21. O-O Qa5
22. Nd2 Qc7 23. Rbb1 Nb6 24. Qf3 a5 25. Qf4 a4 26. Nf3 a3 27. Bh4 Ra8 28. Ra1
Na4 29. Qe3 Qa5 30. Bg3 Nxc3 31. Ng5 b4 32. Qd3 Qb5 33. Nxe6 Qxd3 34. Nxg7+
Bxg7 35. cxd3 Kd7 36. Kh2 b3 0-1

[Event "CAN-op rapid Online"]
[Site "Chess.com"]
[Date "2021.05.16"]
[Round "8"]
[White "Bilski, Simon"]
[Black "Chanot, Frederic"]
[Result "1-0"]
[WhiteElo "1216"]
[BlackElo "1154"]
[PlyCount "55"]
[EventDate "2021.05.15"]
[EventType "swiss (rapid)"]
[EventRounds "10"]
[EventCountry "CAN"]

1. d4 d5 2. c4 e6 3. Nc3 g6 4. Nf3 Nc6 5. e4 Bg7 6. e5 Nh6 7. cxd5 exd5 8. Bb5
O-O 9. Bxc6 bxc6 10. O-O Bg4 11. h3 Be6 12. Bg5 f6 13. exf6 Bxf6 14. Bxh6 Re8
15. Re1 Qd7 16. Na4 Rab8 17. Nc5 Qf7 18. b3 Bf5 19. Qd2 Be4 20. Ng5 Bxg5 21.
Bxg5 Qf5 22. Qf4 Qxf4 23. Bxf4 Rb4 24. Be5 Kf7 25. Nxe4 dxe4 26. Rxe4 Rxd4 27.
Rxd4 Rxe5 28. Rd7+ 1-0

[Event "CAN-op rapid Online"]
[Site "Chess.com"]
[Date "2021.05.16"]
[Round "8"]
[White "Dahal, Raj"]
[Black "Hemphrey, David"]
[Result "0-1"]
[WhiteElo "1818"]
[BlackElo "1331"]
[PlyCount "58"]
[EventDate "2021.05.15"]
[EventType "swiss (rapid)"]
[EventRounds "10"]
[EventCountry "CAN"]

1. Nf3 d5 2. d4 Nf6 3. e3 c5 4. Be2 Nc6 5. Nc3 e6 6. O-O Be7 7. Ne5 O-O 8. a4
Nxe5 9. dxe5 Nd7 10. f4 a6 11. Qe1 Qc7 12. Bd1 b6 13. Ne2 Bb7 14. c3 f6 15. Qh4
Rae8 16. Qh3 Bd8 17. Bc2 h6 18. exf6 Nxf6 19. Bg6 Re7 20. f5 e5 21. b4 Ne4 22.
Ng3 Ng5 23. Qg4 Qc6 24. Nh5 Bc8 25. Ba3 Qxg6 26. h4 Bxf5 27. Rxf5 Qxf5 28. Qxf5
Rxf5 29. hxg5 Rxg5 0-1

[Event "CAN-op rapid Online"]
[Site "Chess.com"]
[Date "2021.05.16"]
[Round "8"]
[White "Gougeon, Patrick"]
[Black "Chelkowski, Jan"]
[Result "1-0"]
[WhiteElo "1285"]
[BlackElo "1202"]
[PlyCount "147"]
[EventDate "2021.05.15"]
[EventType "swiss (rapid)"]
[EventRounds "10"]
[EventCountry "CAN"]

1. f4 e6 2. Nf3 Bc5 3. e3 b6 4. d4 Bd6 5. e4 Bb7 6. e5 Be7 7. Bd3 h6 8. O-O c5
9. c3 Nc6 10. a3 Rc8 11. b4 cxd4 12. cxd4 d6 13. Be4 Ba6 14. Re1 Qc7 15. Be3
Rd8 16. Bd3 Bb7 17. Bb5 a6 18. Bd3 d5 19. Nc3 b5 20. Rc1 Qb8 21. f5 exf5 22.
Bxf5 Bc8 23. Bxc8 Rxc8 24. Nxd5 Bd8 25. Qd2 Nge7 26. Nf4 Nf5 27. Bf2 O-O 28. e6
fxe6 29. Nxe6 Rf6 30. Nxd8 Nxd8 31. Rxc8 Qxc8 32. Re8+ Rf8 33. Qa2+ Qc4 34.
Rxf8+ Kxf8 35. Qxc4 bxc4 36. Be1 Ne3 37. Bc3 Ne6 38. a4 Nf4 39. g3 Ne2+ 40. Kf2
Nxc3 41. Kxe3 Nxa4 42. Kd2 Nb6 43. Kc3 Kf7 44. Ne5+ Kf6 45. Nxc4 Nd5+ 46. Kb3
Kg5 47. h3 Kf5 48. Nd6+ Ke6 49. Nc4 Kf5 50. Nd2 g5 51. Kc4 Ne3+ 52. Kc5 Ke6 53.
Kb6 g4 54. h4 Nf5 55. Kxa6 Nxd4 56. b5 Kd7 57. b6 Nc6 58. b7 Kc7 59. Nc4 h5 60.
Ne3 Nb8+ 61. Ka7 Nc6+ 62. Ka8 Kb6 63. Nd5+ Kc5 64. Nf6 Kd6 65. Nxh5 Ke5 66.
b8=Q+ Nxb8 67. Kxb8 Kf5 68. Kc7 Ke4 69. Kd6 Kf3 70. Ke6 Kg2 71. Kf6 Kf3 72. Kg5
Kg2 73. Kxg4 Kf2 74. Kf4 1-0

[Event "CAN-op rapid Online"]
[Site "Chess.com"]
[Date "2021.05.16"]
[Round "8"]
[White "Li, Jack"]
[Black "Mendes, Aaron Reeve"]
[Result "1-0"]
[WhiteElo "1320"]
[BlackElo "1773"]
[PlyCount "161"]
[EventDate "2021.05.15"]
[EventType "swiss (rapid)"]
[EventRounds "10"]
[EventCountry "CAN"]

1. e4 e5 2. Nf3 Nc6 3. Bc4 Nf6 4. Ng5 Bc5 5. Bxf7+ Ke7 6. Bb3 Rf8 7. d3 d6 8.
Be3 Bb6 9. Nc3 h6 10. Nf3 Bg4 11. Qd2 Nd4 12. Bxd4 Bxd4 13. Nxd4 exd4 14. Nd5+
Nxd5 15. Bxd5 c6 16. Bb3 Kd7 17. f3 Bh5 18. Qb4 b5 19. Qxd4 Qg5 20. Qf2 a5 21.
a4 b4 22. Qd2 Qh4+ 23. Qf2 Qg5 24. h4 Qf4 25. Rh3 c5 26. Qd2 Qe5 27. O-O-O Rac8
28. d4 Qe7 29. Bc4 cxd4 30. Bb5+ Kd8 31. Qxd4 Bf7 32. Qb6+ Qc7 33. Rxd6+ Ke7
34. Rd7+ Qxd7 35. Bxd7 Kxd7 36. f4 Be6 37. f5 Bc4 38. Qd4+ Ke7 39. Qxg7+ Bf7
40. Rd3 Rc5 41. Qd4 Rfc8 42. Qd6+ Ke8 43. Rd2 R5c6 44. Qd7+ Kf8 45. e5 b3 46.
e6 Be8 47. e7+ Kf7 48. Qd8 Rxc2+ 49. Rxc2 Rxc2+ 50. Kb1 Re2 51. Qd1 Rxe7 52.
Qxb3+ Kf6 53. g4 Re1+ 54. Kc2 Re2+ 55. Kd3 Rg2 56. Qe6+ Kg7 57. Qxe8 Rxg4 58.
Qe7+ Kg8 59. Qe6+ Kh7 60. f6 h5 61. Qe7+ Kg6 62. f7 Rf4 63. f8=Q Rd4+ 64. Kc2
Rc4+ 65. Kd3 Rd4+ 66. Ke3 Rd3+ 67. Kf2 Rd2+ 68. Qe2 Rxe2+ 69. Kxe2 Kh7 70. Qf7+
Kh6 71. Qd5 Kg6 72. Qxa5 Kh6 73. b4 Kg7 74. Qf5 Kh6 75. b5 Kg7 76. b6 Kh6 77.
b7 Kg7 78. b8=Q Kh6 79. Qd6+ Kg7 80. Qfd7+ Kh8 81. Qb8# 1-0

[Event "CAN-op rapid Online"]
[Site "Chess.com"]
[Date "2021.05.16"]
[Round "8"]
[White "Mehri, Shikib"]
[Black "Heran-Boily, Samuel"]
[Result "0-1"]
[WhiteElo "1092"]
[BlackElo "1770"]
[PlyCount "118"]
[EventDate "2021.05.15"]
[EventType "swiss (rapid)"]
[EventRounds "10"]
[EventCountry "CAN"]

1. e4 e6 2. d4 d5 3. e5 c5 4. c3 Nc6 5. Nf3 Qb6 6. Be2 cxd4 7. cxd4 Nge7 8. Nc3
Nf5 9. Be3 Nxe3 10. fxe3 Qxb2 11. Na4 Bb4+ 12. Kf2 Qa3 13. Qc2 Bd7 14. Rab1
Nxd4 15. Nxd4 Bxa4 16. Bb5+ Bxb5 17. Nxb5 Qa5 18. Nc7+ Ke7 19. Nxa8 Rxa8 20.
Rhc1 Rd8 21. Ra1 b6 22. Qxh7 Bc5 23. Qxg7 Qd2+ 24. Kf1 Qd3+ 25. Ke1 Qxe3+ 26.
Kd1 Qd3+ 27. Ke1 Bb4+ 28. Kf2 Qf5+ 29. Kg3 Bc5 30. Qf6+ Qxf6 31. exf6+ Kxf6 32.
Rf1+ Ke7 33. Rf3 Rg8+ 34. Kh3 Rh8+ 35. Kg4 Rxh2 36. g3 d4 37. Raf1 f5+ 38. Kg5
Rxa2 39. g4 fxg4 40. Kxg4 Rg2+ 41. Kh5 Kd6 42. Ra1 a5 43. Rd1 Kd5 44. Kh4 e5
45. Kh3 Rg8 46. Rf5 Ke6 47. Rf3 e4 48. Re1 e3 49. Kh2 a4 50. Rh3 a3 51. Ra1 Kd5
52. Rh5+ Kc4 53. Rf5 d3 54. Rxc5+ bxc5 55. Rxa3 e2 56. Ra1 d2 57. Kh1 e1=Q+ 58.
Rxe1 dxe1=Q+ 59. Kh2 Qg3+ 0-1

[Event "CAN-op rapid Online"]
[Site "Chess.com"]
[Date "2021.05.16"]
[Round "8"]
[White "Mitrabha, Guha"]
[Black "Stojanovski, Sandi"]
[Result "1-0"]
[WhiteElo "2245"]
[BlackElo "2247"]
[PlyCount "57"]
[EventDate "2021.05.15"]
[EventType "swiss (rapid)"]
[EventRounds "10"]
[EventCountry "CAN"]

1. d4 d6 2. e4 Nf6 3. Nc3 g6 4. Nf3 Bg7 5. Be2 O-O 6. O-O a6 7. a4 b6 8. e5
dxe5 9. Nxe5 Bb7 10. Bf3 Qc8 11. Qe2 Rd8 12. Rd1 Nd5 13. Nxd5 Bxd5 14. Bxd5
Rxd5 15. Qf3 Qe6 16. c4 Rxe5 17. dxe5 Nc6 18. Bf4 Re8 19. Qd5 Qxd5 20. Rxd5 e6
21. Rd7 Nxe5 22. Rxc7 Nd3 23. Be3 Nxb2 24. Ra2 Rb8 25. Rc6 Rd8 26. g3 a5 27.
Bxb6 Rd1+ 28. Kg2 Bc3 29. Bxa5 1-0

[Event "CAN-op rapid Online"]
[Site "Chess.com"]
[Date "2021.05.16"]
[Round "8"]
[White "Nemani Dhruv, Sai Venkat"]
[Black "McAlpin, John-Francis"]
[Result "0-1"]
[WhiteElo "1231"]
[BlackElo "1451"]
[PlyCount "96"]
[EventDate "2021.05.15"]
[EventType "swiss (rapid)"]
[EventRounds "10"]
[EventCountry "CAN"]

1. e4 c5 2. Nf3 Nc6 3. Bc4 e6 4. Nc3 Nf6 5. d3 d6 6. Be3 Be7 7. O-O O-O 8. Nd2
d5 9. e5 Nd7 10. f4 dxc4 11. Nxc4 f6 12. exf6 Nxf6 13. Qe2 Nd4 14. Bxd4 cxd4
15. Ne4 Nd5 16. Ne5 Bf6 17. Nxf6+ Rxf6 18. g3 Ne3 19. Rf3 Bd7 20. c4 Bc6 21.
Nxc6 bxc6 22. b3 Qa5 23. Rc1 Raf8 24. h3 e5 25. Kh2 exf4 26. g4 Qg5 27. a4 Rh6
28. Rg1 Nxg4+ 29. Kh1 Qf5 30. Rgf1 Ne3 31. R1f2 Rxh3+ 32. Rxh3 Qxh3+ 33. Rh2
Qf1+ 34. Qxf1 Nxf1 35. Rf2 Ne3 36. Kh2 g5 37. Kh3 h5 38. Kh2 g4 39. Kg1 Kg7 40.
b4 Kg6 41. b5 cxb5 42. cxb5 Kg5 43. a5 Rc8 44. b6 axb6 45. a6 Rc1+ 46. Kh2 g3+
47. Kh3 Rh1+ 48. Rh2 Rxh2# 0-1

[Event "CAN-op rapid Online"]
[Site "Chess.com"]
[Date "2021.05.16"]
[Round "9"]
[White "Bilski, Simon"]
[Black "Dahal, Raj"]
[Result "0-1"]
[WhiteElo "1216"]
[BlackElo "1818"]
[PlyCount "76"]
[EventDate "2021.05.15"]
[EventType "swiss (rapid)"]
[EventRounds "10"]
[EventCountry "CAN"]

1. d4 Nc6 2. c4 Nf6 3. Nc3 d5 4. Nf3 e6 5. Bg5 Be7 6. cxd5 Nxd5 7. Bxe7 Ncxe7
8. Nxd5 Qxd5 9. e3 O-O 10. b3 b5 11. a4 c6 12. Be2 Bb7 13. O-O Rfd8 14. Qd3 a6
15. Rfc1 Rac8 16. Rc5 Qd7 17. Ne5 Qe8 18. Bf3 f6 19. Ng4 h5 20. Nxf6+ gxf6 21.
Bxh5 Qf8 22. Bg6 Rd5 23. Rac1 Nxg6 24. Qxg6+ Qg7 25. Qg3 Qxg3 26. fxg3 Kf7 27.
axb5 axb5 28. b4 Ke7 29. Rxd5 exd5 30. Kf2 Kd6 31. Kf3 Rg8 32. g4 Bc8 33. h3 f5
34. gxf5 Bxf5 35. Rf1 Be4+ 36. Ke2 Rxg2+ 37. Rf2 Rg1 38. Rf1 Bd3+ 0-1

[Event "CAN-op rapid Online"]
[Site "Chess.com"]
[Date "2021.05.16"]
[Round "9"]
[White "Chanot, Frederic"]
[Black "Turgeon-Dalpe, Alexandre"]
[Result "0-1"]
[WhiteElo "1154"]
[BlackElo "1236"]
[PlyCount "64"]
[EventDate "2021.05.15"]
[EventType "swiss (rapid)"]
[EventRounds "10"]
[EventCountry "CAN"]

1. e4 e5 2. Nf3 Nc6 3. Nc3 Nf6 4. Bc4 d6 5. d3 Be7 6. h3 O-O 7. Be3 Re8 8. Qd2
Bf8 9. g4 Ne7 10. g5 Nh5 11. O-O-O g6 12. Nd5 Nxd5 13. Bxd5 c6 14. Bb3 Bg7 15.
h4 d5 16. exd5 cxd5 17. Bc5 b6 18. Ba3 Bg4 19. Qe2 Nf4 20. Qd2 Bxf3 21. Rhg1
Ne2+ 22. Kb1 Nxg1 23. Rxg1 a5 24. Ba4 Re6 25. Qe3 e4 26. Bb3 a4 27. Bxd5 Qxd5
28. dxe4 Bxe4 29. Re1 Bxc2+ 30. Kxc2 Rxe3 31. Rxe3 Rc8+ 32. Kb1 Qd1# 0-1